Utógondozás és pártfogó felügyelet Borsod-Abaúj-Zemplén megyében

Elmentve itt :
Bibliográfiai részletek
Szerző: Udvarhelyi István
További közreműködők: Nagy Ferenc (Témavezető)
Dokumentumtípus: Szakdolgozat
Megjelent: 1983
Tárgyszavak:
Online Access:http://diploma.bibl.u-szeged.hu/20747
LEADER 00591nta a2200157 i 4500
001 dipl20747
005 20130314080327.0
008 111125s1983 hu om 0|| zxx d
040 |a SZTE Diploma Repozitórium  |b hun 
041 |a zxx 
100 1 |a Udvarhelyi István 
245 1 0 |a Utógondozás és pártfogó felügyelet Borsod-Abaúj-Zemplén megyében  |h [elektronikus dokumentum] /  |c István Udvarhelyi 
260 |c 1983 
650 4 |a Jogi és igazgatási tanulmányok 
700 1 |a Nagy Ferenc  |e ths 
856 4 0 |u http://diploma.bibl.u-szeged.hu/id/eprint/20747/1/1983_udvarhelyi_istvan.pdf  |z Dokumentum-elérés